000 01021nam0a22002531 4500
001 rc\3960542
005 20260406165012.0
035 _a(NLR Aleph) 007927542
090 _a8197507
_c8197507
100 _a20130415d1953 |||y0rusy50 ca
101 0 _arus
102 _aRU
105 _ay z |||||
200 1 _aАннотированный перечень работ, проведенных во ВНИИ Автоген в 1952 г.
_fВсесоюз. научно-исслед. ин-т автогенной обработки металлов (ВНИИ Автоген). Главкислорода МХП СССР
210 _aМосква
_cБ. и.
_d1953
215 _a6 с.
_d22
225 1 _aИнформационный листок
_v№ 35
300 _aБез тит. л. и обл.
710 0 2 _aВНИИ автогенной обработки металлов
_3RU\NLR\AUTH\889936449
_9367707
801 0 _aRU
_bNLR
_gpsbo
801 1 _aRU
_bELAR
_2rusmarc
852 _aNLR
_jП10/1094
942 _cBOOK
980 _aNB